Centros Privados de Investigación en Ciencias Sociales en Chile /
Enregistré dans:
| Auteur principal: | |
|---|---|
| Collectivités auteurs: | , |
| Autres auteurs: | |
| Format: | Texte |
| Publié: |
Santiago:
AHC. CERLAC. CALACS
|
| Sujets: | |
| Tags: |
Ajouter un tag
Pas de tags, Soyez le premier à ajouter un tag!
|
MARC
| LEADER | 00000 a a2200000 04500 | ||
|---|---|---|---|
| 001 | 37666 | ||
| 003 | |||
| 040 | |||
| 090 | |a REF1001 D542c | ||
| 100 | |a Díaz, Harry | ||
| 110 | |a Academia de Humanismo Cristiano | ||
| 245 | |a Centros Privados de Investigación en Ciencias Sociales en Chile / |c Academia de Humanismo Cristiano | ||
| 260 | |a Santiago: |b AHC. CERLAC. CALACS | ||
| 300 | |a 109 p. | ||
| 650 | |a INVESTIGACION | ||
| 650 | |a INVESTIGADORES | ||
| 650 | |a PUBLICACIONES | ||
| 650 | |a CHILE | ||
| 700 | |a Lanstreet, Peter |a Lladser, María Teresa | ||
| 710 | |a Centre for research on Latin America and The Caribbean |a Canadian Association for Latin American and Caribbean Studies | ||
| 999 | |c 17227 |d 17227 | ||
